| 000 | 00594nam a2200205Ia 4500 | ||
|---|---|---|---|
| 001 | 4234 | ||
| 003 | GE_BSU | ||
| 008 | 181216s||||||||xx |||||||||||||| ||und|| | ||
| 040 | _cGE_BSU | ||
| 080 | _a622.276 | ||
| 245 | _aТеория и практика добычи нефти. | ||
| 245 | _bЕжедневник. | ||
| 245 | _cРед. совет: А.П.Крылов (председатель) и др. | ||
| 260 | _aМ. | ||
| 260 | _bНедра. | ||
| 260 | _c1968. | ||
| 300 | _a296 стр. 27 см. | ||
| 653 | _aТеория и практика добычи нефти. | ||
| 942 | _cBK | ||
| 999 |
_c38244 _d38244 |
||